00666nai a2200169Ia 4500003000900000008004100009022002300050040001600073245004400089260008600133310001300219362002600232521006900258650003000327650004600357856009300403IN-BaIIA211028c9999 xx s 000 0 eng d a2332-7715 (Online) cIIA Library 0aIEEE Nanotechnology Expressh[eJournal] aNew York, USAbThe Institute of Electrical and Electronics Engineers, Inc. (IEEE) aAnnually a1(); 2015 - 1(); 2015 bSubscribed through National Knowledge Resource Consortium (NKRC) a Computing and Processing aComponents, Circuits, Devices and Systems uhttps://ieeexplore.ieee.org/servlet/opac?punumber=6687319yClick Here to Access eJournal